LEADER 01086nas 2200373 c 450 001 9910893495103321 005 20260218112304.0 011 $a2094-9278 035 $a(CKB)5280000000194366 035 $a(DE-101)1124013822 035 $a(DE-599)ZDB2881489-7 035 $a(DE-599)2881489-7 035 $a(EXLCZ)995280000000194366 100 $a20170124a19899999 |y | 101 0 $aeng 135 $aur||||||||||| 181 $ctxt$2rdacontent 182 $cc$2rdamedia 183 $acr$2rdacarrier 200 00$aActa medica Philippina$ethe journal of the College of Medicine and the Institute of Hygiene, University of the Philippines 210 31$aManila$cUniversity of the Philippines$d[1989?]- 215 $aOnline-Ressource 300 $aGesehen am 24.06.2020 517 $aActa Medica Philippina 531 00$aActa Med. Philipp. 608 $aZeitschrift$2gnd-content 676 $a610 801 0$b0355 801 1$bDE-101 801 2$b9001 906 $aJOURNAL 912 $a9910893495103321 996 $aActa medica Philippina$94163320 997 $aUNINA